[Event "Collado Villalba op-A 36th"]
[Site "Collado Villalba"]
[Date "2019.08.28"]
[Round "6"]
[White "Longa Yauca, Javier"]
[Black "Prada Lopez, Miguel Angel"]
[Result "1-0"]
[WhiteElo "2239"]
[BlackElo "2110"]
[PlyCount "59"]
[EventDate "2019.08.23"]
[EventType "swiss"]
[EventRounds "9"]
[EventCountry "ESP"]
[SourceTitle "CBM 192 Extra"]
[Source "Chessbase"]
[SourceDate "2019.11.06"]
[SourceVersion "1"]
[SourceVersionDate "2019.11.06"]
[SourceQuality "1"]

1. c4 Nf6 2. Nf3 e6 3. d4 Bb4+ 4. Nbd2 0-0 5. a3 Bxd2+ 6. Bxd2 a5 7. Qc2 d6 8. e4 Nc6 9. e5 dxe5 10. dxe5 Nd7 11. Bc3 f5 12. exf6 Nxf6 13. Bd3 e5 14. 0-0-0 Qe7 15. Rde1 Re8 16. Nxe5 Nxe5 17. Rxe5 Qxe5 18. Bxe5 Rxe5 19. f4 Re7 20. h3 Bd7 21. g4 Bc6 22. Rg1 Rae8 23. g5 Ne4 24. f5 Nc5 25. f6 Ba4 26. Bxh7+ Kh8 27. Qf2 Nb3+ 28. Kb1 Re2 29. fxg7+ Kxh7 30. g6+ 1-0

[Event "Madrid-chT 1718"]
[Site "Madrid"]
[Date "2018.02.04"]
[Round "8.16"]
[White "Rodrigo Yanguas, Maria"]
[Black "Prada Lopez, Miguel Angel"]
[Result "1/2-1/2"]
[WhiteElo "2071"]
[BlackElo "2077"]
[PlyCount "109"]
[EventDate "2017.11.19"]
[EventType "team-tourn"]
[EventRounds "14"]
[EventCountry "ESP"]
[SourceTitle "EXT 2019"]
[Source "ChessBase"]
[SourceDate "2018.10.10"]
[SourceVersion "1"]
[SourceVersionDate "2018.10.10"]
[SourceQuality "1"]
[WhiteTeam "Virgen de Atocha"]
[BlackTeam "Alcorcon"]
[WhiteTeamCountry "ESP"]
[BlackTeamCountry "ESP"]

1. e4 c5 2. c3 d5 3. exd5 Qxd5 4. d4 Nf6 5. Nf3 e6 6. Be2 Be7 7. 0-0 0-0 8. Na3 cxd4 9. Nb5 Qd8 10. Nbxd4 a6 11. Bf4 Nbd7 12. h3 Qb6 13. Qb3 Nd5 14. Bh2 Nc5 15. Qxb6 Nxb6 16. Ne5 Nca4 17. Nd3 f6 18. Bd1 e5 19. Bb3+ Kh8 20. Rfe1 Nxb2 21. Nxb2 Ba3 22. Nd3 exd4 23. cxd4 Bf5 24. Nc5 Bxc5 25. dxc5 Nd7 26. Bd6 Rfd8 27. Re7 h5 28. Bd1 Rac8 29. Bxh5 Nxc5 30. Bf4 b5 31. g4 Bd3 32. g5 fxg5 33. Be5 Rg8 34. Bf7 Rgd8 35. Rc1 Ne4 36. Rxc8 Rxc8 37. Be6 Rc1+ 38. Kg2 Nf6 39. Bb2 Re1 40. Ba3 Bc4 41. Bc8 Rxe7 42. Bxe7 Bxa2 43. Bxa6 Nd5 44. Bxg5 b4 45. Bc1 Nb6 46. Bb5 Bd5+ 47. Kg3 b3 48. Kf4 Bc4 49. Bc6 Be6 50. Ke5 Bxh3 51. Kd4 Be6 52. Kc3 Kg8 53. Be3 Nd5+ 54. Bxd5 Bxd5 55. Kb2 1/2-1/2

[Event "Collado Villalba op 28th"]
[Site "Collado Villalba"]
[Date "2011.08.23"]
[Round "1"]
[White "Martin Carmona, Gaston Manuel"]
[Black "Prada Lopez, Miguel Angel"]
[Result "0-1"]
[WhiteElo "1805"]
[BlackElo "2150"]
[PlyCount "59"]
[EventDate "2011.08.23"]
[EventType "swiss"]
[EventRounds "9"]
[EventCountry "ESP"]
[SourceTitle "CBM 144 Extra"]
[Source "ChessBase"]
[SourceDate "2011.10.28"]
[SourceVersion "1"]
[SourceVersionDate "2011.10.28"]
[SourceQuality "1"]

1. e4 c5 2. Nf3 d6 3. d4 cxd4 4. Nxd4 Nf6 5. Nc3 g6 6. Be3 Bg7 7. f3 Nc6 8. Qd2 0-0 9. Bc4 Bd7 10. Bb3 Rc8 11. 0-0-0 Ne5 12. g4 b5 13. Kb1 b4 14. Nd5 Nxd5 15. Bxd5 e6 16. Bb3 a5 17. Qe2 a4 18. f4 Nxg4 19. Bxe6 Nxe3 20. Bxd7 Nxd1 21. Bxc8 Nxb2 22. Nc6 Qf6 23. Ba6 Nd1 24. e5 Nc3+ 25. Kb2 dxe5 26. Qc4 exf4 27. Kc1 f3 28. Nxb4 Ne2+ 29. Kd2 Bh6+ 30. Ke1 0-1

[Event "Collado Villalba op-A 26th"]
[Site "Collado Villalba"]
[Date "2009.08.21"]
[Round "1"]
[White "Prada Lopez, Miguel Angel"]
[Black "Ocana Lameiro, Oliver"]
[Result "1/2-1/2"]
[WhiteElo "2151"]
[BlackElo "1878"]
[PlyCount "80"]
[EventDate "2009.08.21"]
[EventType "swiss"]
[EventRounds "9"]
[EventCountry "ESP"]
[SourceTitle "CBM 132 Extra"]
[Source "ChessBase"]
[SourceDate "2009.11.03"]
[SourceVersion "1"]
[SourceVersionDate "2009.11.03"]
[SourceQuality "1"]

1. Nf3 d5 2. g3 c6 3. b3 g6 4. Bb2 Nf6 5. Bg2 Bg7 6. 0-0 0-0 7. d3 a5 8. a4 Nbd7 9. Nbd2 Ng4 10. Bxg7 Kxg7 11. h3 Nge5 12. Qc1 e6 13. Nd4 Qf6 14. e3 Nb8 15. f4 Ned7 16. Kh2 Na6 17. N2f3 e5 18. fxe5 Nxe5 19. Qb2 Kg8 20. Nh4 Qg7 21. Kh1 Nb4 22. Qc3 Nd7 23. Qd2 Nf6 24. Nhf3 Qh6 25. e4 Qxd2 26. Nxd2 Nh5 27. Rf3 Be6 28. g4 Ng7 29. Raf1 Rad8 30. c3 Na2 31. Nxe6 fxe6 32. d4 Rxf3 33. Rxf3 Rf8 34. exd5 exd5 35. c4 Ne6 36. cxd5 Rxf3 37. Bxf3 Nxd4 38. dxc6 bxc6 39. Kg2 Nc1 40. Kf2 Kf8 1/2-1/2

[Event "Andorra op 26th"]
[Site "La Massana"]
[Date "2008.07.26"]
[Round "8"]
[White "Prada Lopez, Miguel Angel"]
[Black "Bae, Torstein"]
[Result "0-1"]
[WhiteElo "2156"]
[BlackElo "2402"]
[PlyCount "86"]
[EventDate "2008.07.19"]
[EventType "swiss"]
[EventRounds "9"]
[EventCountry "AND"]
[SourceTitle "CBM 125 Extra"]
[Source "ChessBase"]
[SourceDate "2008.09.01"]
[SourceVersion "1"]
[SourceVersionDate "2008.09.01"]
[SourceQuality "1"]

1. Nf3 Nf6 2. g3 g6 3. Bg2 Bg7 4. 0-0 0-0 5. d3 d6 6. e4 c5 7. Re1 Nc6 8. c3 Rb8 9. h3 b5 10. d4 Nd7 11. Be3 e5 12. dxc5 Nxc5 13. Na3 Nxe4 14. Nd2 Nxd2 15. Qxd2 Qc7 16. Rad1 Be6 17. Qxd6 Rfc8 18. Qxc7 Rxc7 19. Bc5 Bf8 20. Bd6 Bxd6 21. Rxd6 b4 22. Rxc6 Rxc6 23. Bxc6 bxa3 24. bxa3 Rc8 25. Bb5 Rxc3 26. a4 Rc5 27. h4 Bxa2 28. Rd1 Bd5 29. Kf1 Bf3 30. Be2 Bc6 31. Ra1 a5 32. Ke1 Kf8 33. Kd2 Ke7 34. Ra3 Kd6 35. Bf3 Rc4 36. Bxc6 Kxc6 37. h5 Kd5 38. Ke3 gxh5 39. Ra1 h4 40. Rd1+ Ke6 41. Rh1 Rxa4 42. gxh4 h5 43. f3 Rd4 0-1

[Event "Andorra op 26th"]
[Site "La Massana"]
[Date "2008.07.20"]
[Round "2"]
[White "Prada Lopez, Miguel Angel"]
[Black "Fluvia Poyatos, Jordi"]
[Result "1/2-1/2"]
[WhiteElo "2156"]
[BlackElo "2500"]
[PlyCount "83"]
[EventDate "2008.07.19"]
[EventType "swiss"]
[EventRounds "9"]
[EventCountry "AND"]
[SourceTitle "CBM 125 Extra"]
[Source "ChessBase"]
[SourceDate "2008.09.01"]
[SourceVersion "1"]
[SourceVersionDate "2008.09.01"]
[SourceQuality "1"]

1. e4 c6 2. d3 d5 3. Nd2 g6 4. Ngf3 Bg7 5. g3 Nf6 6. Bg2 0-0 7. 0-0 a5 8. a4 Na6 9. Qe2 b6 10. e5 Ng4 11. h3 Nh6 12. Nd4 Nf5 13. N2f3 Nxd4 14. Nxd4 Bd7 15. f4 Qc8 16. g4 f5 17. gxf5 Bxf5 18. Nxf5 Qxf5 19. Be3 Rab8 20. Qf2 g5 21. Qg3 Nc7 22. Qxg5 Qxg5 23. fxg5 Bxe5 24. Rxf8+ Kxf8 25. Rf1+ Kg7 26. b3 Ne6 27. h4 Bd4 28. Kf2 Kg6 29. Ke2 Bxe3 30. Kxe3 Rf8 31. Rxf8 Nxf8 32. c4 Kh5 33. cxd5 cxd5 34. Bxd5 Kxh4 35. Kf4 Ng6+ 36. Kf5 Kg3 37. Bf7 Nf8 38. Bd5 Kf2 39. Ke4 Kg3 40. Kf5 Kf2 41. Ke4 Kg3 42. Kf5 1/2-1/2

[Event "Collado Villalba op 24th"]
[Site "Collado Villalba"]
[Date "2007.08.25"]
[Round "3"]
[White "Barria Zuniga, Daniel"]
[Black "Prada Lopez, Miguel Angel"]
[Result "1-0"]
[WhiteElo "2427"]
[BlackElo "2171"]
[PlyCount "139"]
[EventDate "2007.08.23"]
[EventType "swiss"]
[EventRounds "9"]
[EventCountry "ESP"]
[SourceTitle "EXT 2008"]
[Source "ChessBase"]
[SourceDate "2007.11.25"]
[SourceVersion "1"]
[SourceVersionDate "2007.11.25"]
[SourceQuality "1"]

1. e4 c5 2. Nf3 d6 3. d4 cxd4 4. Nxd4 Nf6 5. Nc3 g6 6. Be3 Bg7 7. f3 Nc6 8. Qd2 Bd7 9. 0-0-0 0-0 10. Bc4 Qb8 11. h4 b5 12. Be2 Ne5 13. h5 Nc4 14. Bxc4 bxc4 15. hxg6 fxg6 16. Kb1 Qb7 17. Ka1 Rab8 18. Rb1 Rf7 19. Bh6 Bh8 20. Rhe1 Qb6 21. Be3 Qa5 22. Bg1 Nh5 23. Bh2 Qc5 24. Bg1 Qa5 25. Nde2 Be5 26. Bd4 Nf4 27. Bxe5 Qxe5 28. Nxf4 Rxf4 29. Nd5 Rff8 30. f4 Qg7 31. e5 dxe5 32. Rxe5 e6 33. Nc3 Rbd8 34. g3 Bc8 35. Qe3 Qc7 36. Re1 Qb6 37. Rc5 Rd6 38. Rxc4 Qxe3 39. Rxe3 Rfd8 40. b3 Bb7 41. Rc7 Rb8 42. Kb2 a6 43. Re5 Bg2 44. Re2 Bf3 45. Re3 Bg2 46. Na4 Rb5 47. Nc5 Rbb6 48. Nd7 Rb7 49. Nf6+ Kh8 50. Rec3 Rdb6 51. g4 g5 52. fxg5 e5 53. Rc8+ Kg7 54. Rg3 Bf1 55. Rg1 Bb5 56. Rh1 Rxf6 57. gxf6+ Kxf6 58. Rf8+ Kg7 59. Rf5 e4 60. Re1 Re7 61. Kc3 Bd7 62. Rf4 Bc6 63. Kd4 Kg6 64. Rexe4 Bxe4 65. Rxe4 Rd7+ 66. Ke3 Kg5 67. c4 a5 68. c5 Rc7 69. Kd4 a4 70. b4 1-0

[Event "Benidorm op U2300 05th"]
[Site "Benidorm"]
[Date "2006.12.04"]
[Round "4"]
[White "Prada Lopez, Miguel Angel"]
[Black "Pena, Alfredo"]
[Result "0-1"]
[WhiteElo "2191"]
[BlackElo "2274"]
[PlyCount "54"]
[EventDate "2006.12.01"]
[EventType "swiss"]
[EventRounds "9"]
[EventCountry "ESP"]
[SourceTitle "CBM 115 Extra"]
[Source "ChessBase"]
[SourceDate "2007.01.10"]
[SourceVersion "1"]
[SourceVersionDate "2007.01.10"]
[SourceQuality "1"]

1. e4 e5 2. Nc3 Bc5 3. f4 d6 4. Nf3 Nf6 5. Bc4 a6 6. d3 Nc6 7. a3 Nd4 8. f5 c6 9. Bg5 h6 10. Bh4 d5 11. Ba2 Qc7 12. Bg3 Bd7 13. Ne2 Nxf3+ 14. gxf3 0-0-0 15. Nc3 Nh5 16. Qe2 Nf4 17. Bxf4 exf4 18. 0-0-0 Be3+ 19. Kb1 d4 20. Na4 Qa5 21. b3 b5 22. Nc5 Qxa3 23. Nxd7 Rxd7 24. Qg2 f6 25. Qg6 b4 26. e5 Rd5 27. Qxg7 Ra5 0-1

[Event "Galapagar op 07th"]
[Site "Galapagar"]
[Date "2006.07.22"]
[Round "1"]
[White "Lopez Alvaro, Diego"]
[Black "Prada Lopez, Miguel Angel"]
[Result "0-1"]
[WhiteElo "1855"]
[BlackElo "2211"]
[PlyCount "54"]
[EventDate "2006.07.22"]
[EventType "swiss"]
[EventRounds "7"]
[EventCountry "ESP"]
[SourceTitle "EXT 2007"]
[Source "ChessBase"]
[SourceDate "2006.11.23"]
[SourceVersion "1"]
[SourceVersionDate "2006.11.23"]
[SourceQuality "1"]

1. d4 c5 2. dxc5 e6 3. c4 Bxc5 4. Nc3 Nf6 5. e3 0-0 6. Nf3 Nc6 7. Bd3 d5 8. 0-0 Qe7 9. a3 a5 10. cxd5 exd5 11. h3 Rd8 12. Qc2 h6 13. Re1 Ne5 14. Nxe5 Qxe5 15. e4 Bxh3 16. gxh3 Qg3+ 17. Kf1 Qxh3+ 18. Ke2 Qg4+ 19. Kf1 Nh5 20. Be3 d4 21. Nd5 Qf3 22. Bf4 Rxd5 23. exd5 Nxf4 24. Be4 Qh3+ 25. Kg1 f5 26. Bh1 Bd6 27. Rad1 Ne2+ 0-1

[Event "Pablo Gorbea Memorial 7th"]
[Site "Madrid"]
[Date "2003.09.07"]
[Round "7"]
[White "Prada Lopez, Miguel Angel"]
[Black "Esquivias Gomez, Francisco Javier"]
[Result "1/2-1/2"]
[WhiteElo "2176"]
[BlackElo "2028"]
[PlyCount "50"]
[EventDate "2003.09.01"]
[EventType "swiss"]
[EventRounds "9"]
[EventCountry "ESP"]
[SourceTitle "CBM 096 Extra"]
[Source "ChessBase"]
[SourceDate "2003.10.22"]
[SourceVersion "2"]
[SourceVersionDate "2003.10.20"]
[SourceQuality "1"]

1. Nf3 f5 2. g3 Nf6 3. Bg2 g6 4. 0-0 Bg7 5. d3 d5 6. c4 d4 7. b4 c5 8. bxc5 Nc6 9. Bb2 0-0 10. e3 Ng4 11. exd4 Nxd4 12. Nxd4 Bxd4 13. Bd5+ e6 14. Bxd4 exd5 15. cxd5 Qxd5 16. Qb3 Qxb3 17. axb3 Rd8 18. Bc3 Rxd3 19. h3 Nh6 20. Ra2 Kf7 21. Rd2 Rxd2 22. Nxd2 Be6 23. b4 Bd5 24. f3 Re8 25. Kf2 a6 1/2-1/2

[Event "San Sebastian Constitucion op 3rd "]
[Site "San Sebastian"]
[Date "2000.12.08"]
[Round "7"]
[White "Prada Lopez, Miguel Angel"]
[Black "Anton Veiga, Juan Carlos"]
[Result "0-1"]
[WhiteElo "2219"]
[BlackElo "2157"]
[PlyCount "62"]
[EventDate "2000.12.02"]
[EventType "swiss"]
[EventRounds "7"]
[EventCountry "ESP"]
[SourceTitle "EXT 2002"]
[Source "ChessBase"]
[SourceDate "2001.11.25"]
[SourceVersion "1"]
[SourceVersionDate "2001.11.25"]
[SourceQuality "1"]

1. e4 c5 2. Nf3 d6 3. g3 Nc6 4. d3 g6 5. Bg2 Bg7 6. 0-0 Nf6 7. Nbd2 Qc7 8. a4 0-0 9. Nc4 Rb8 10. Nh4 Nd4 11. c3 Nc6 12. f4 b5 13. axb5 Rxb5 14. Qa4 a6 15. Qc2 Na5 16. Ra3 Nxc4 17. dxc4 Ra5 18. b4 Rxa3 19. Bxa3 Nd7 20. Nf3 Nb6 21. Nd2 Be6 22. bxc5 dxc5 23. Rb1 Nxc4 24. Nxc4 Bxc4 25. e5 Qa5 26. Bc1 Rd8 27. Rb7 e6 28. Bb2 Qa2 29. Be4 Bd5 30. Bxd5 Qxd5 31. Qb3 c4 0-1

[Event "San Sebastian Constitucion op 3rd "]
[Site "San Sebastian"]
[Date "2000.12.07"]
[Round "6"]
[White "Sanchez Naranjo, Jose Manuel"]
[Black "Prada Lopez, Miguel Angel"]
[Result "1/2-1/2"]
[WhiteElo "2115"]
[BlackElo "2219"]
[PlyCount "91"]
[EventDate "2000.12.02"]
[EventType "swiss"]
[EventRounds "7"]
[EventCountry "ESP"]
[SourceTitle "EXT 2002"]
[Source "ChessBase"]
[SourceDate "2001.11.25"]
[SourceVersion "1"]
[SourceVersionDate "2001.11.25"]
[SourceQuality "1"]

1. e4 c5 2. Nf3 d6 3. d4 cxd4 4. Nxd4 Nf6 5. Nc3 g6 6. Be3 Bg7 7. f3 0-0 8. Qd2 Nc6 9. g4 Bxg4 10. fxg4 Nxg4 11. Nb3 a5 12. a4 Nb4 13. 0-0-0 Rc8 14. Kb1 Nxe3 15. Qxe3 Qc7 16. Bb5 b6 17. Nd4 Qc5 18. Rhe1 Rfd8 19. Re2 e6 20. Na2 Qe5 21. c3 Nxa2 22. Kxa2 Qc5 23. Nb3 Qc7 24. Red2 h5 25. Rd3 Be5 26. Qe2 Qb7 27. Nd2 Rc5 28. Nc4 Qc7 29. b3 Bf4 30. h3 h4 31. Qf3 Bg3 32. Qf6 Rh5 33. Qf3 Rc5 34. Rd4 Kg7 35. R1d3 Rg5 36. Qe3 Rc5 37. Qd2 Be5 38. Nxe5 Rxe5 39. Rxd6 Rxd6 40. Rxd6 Rxe4 41. Qd3 Rf4 42. Bc6 Qe7 43. Bb5 Qg5 44. Qd2 Qf6 45. Ka3 Rf3 46. Rd3 1/2-1/2

[Event "Collado Villalba op 16th"]
[Site "Collado Villalba"]
[Date "1999.08.23"]
[Round "4"]
[White "Hinojar Diez, David"]
[Black "Prada Lopez, Miguel Angel"]
[Result "1-0"]
[WhiteElo "2135"]
[BlackElo "2241"]
[PlyCount "63"]
[EventDate "1999.08.20"]
[EventType "swiss"]
[EventRounds "9"]
[EventCountry "ESP"]
[SourceTitle "EXT 2002"]
[Source "ChessBase"]
[SourceDate "2001.11.25"]
[SourceVersion "1"]
[SourceVersionDate "2001.11.25"]
[SourceQuality "1"]

1. Nf3 Nf6 2. d4 d5 3. c4 dxc4 4. e3 Bg4 5. Bxc4 e6 6. 0-0 Nbd7 7. Nbd2 c5 8. Qb3 Qc7 9. a4 Be7 10. Ne5 cxd4 11. exd4 Nxe5 12. dxe5 Nd7 13. Bb5 0-0 14. Bxd7 Qxd7 15. Qg3 Bf5 16. Nf3 Rac8 17. Bd2 Rc4 18. h3 Rxa4 19. Rad1 Bg6 20. Bg5 Qe8 21. Rd2 Bxg5 22. Qxg5 Be4 23. Nd4 Rb4 24. Rfd1 Qa4 25. Qe7 Re8 26. Nb5 Qxb5 27. Rd8 Bc6 28. Rxe8+ Bxe8 29. Rd8 h6 30. Rxe8+ Kh7 31. Qxf7 Qxe5 32. Qg8+ 1-0

[Event "Collado Villalba op 12th"]
[Site "Collado Villalba"]
[Date "1995.??.??"]
[Round "5"]
[White "Cruz Lopez Claret, Carlos"]
[Black "Prada Lopez, Miguel Angel"]
[Result "1-0"]
[WhiteElo "2315"]
[BlackElo "2145"]
[PlyCount "85"]
[EventDate "1995.08.??"]
[EventType "swiss"]
[EventRounds "7"]
[EventCountry "ESP"]
[SourceTitle "EXT 1997"]
[Source "ChessBase"]
[SourceDate "1996.11.15"]
[SourceVersion "1"]
[SourceVersionDate "1996.11.15"]
[SourceQuality "1"]

1. d4 Nf6 2. c4 g6 3. Nc3 Bg7 4. e4 d6 5. f3 e5 6. Nge2 c6 7. Be3 Nbd7 8. Qd2 Nb6 9. Ng3 exd4 10. Bxd4 Be6 11. b3 Qc7 12. Be2 Rd8 13. 0-0 0-0 14. Rad1 Rfe8 15. Qb2 Qe7 16. Rfe1 Nc8 17. h3 Bd7 18. Bf1 Nh5 19. Nxh5 Bxd4+ 20. Rxd4 Qe5 21. Qd2 Qxh5 22. f4 f6 23. Kh2 Kg7 24. Be2 Qa5 25. Bf3 Re7 26. g3 Rde8 27. Rd1 h5 28. Qb2 Qc7 29. h4 Be6 30. Rf1 Qb6 31. Rd2 Rh8 32. Rfd1 a6 33. Kg2 Qe3 34. Rd3 Qb6 35. R1d2 Rhe8 36. Ne2 Bg4 37. Bxg4 hxg4 38. Nc3 Kf7 39. Rxd6 Nxd6 40. Rxd6 Re6 41. Nd5 Qc5 42. Rd7+ R8e7 43. Rxe7+ 1-0